Praktikum z pojištění

Uložené v:
Podrobná bibliografia
Hlavný autor: Vostatek, Jaroslav
Korporativný autor: Vysoká škola ekonomická v Praze. Národohospodářská fakulta
Ďalší autori: Daňhel, Jaroslav
Médium: Kniha
Jazyk:Czech
Vydavateľské údaje: Praha Státní pedagogické nakladatelství 1981
Tagy: Pridať tag
Žiadne tagy, Buďte prvý, kto otaguje tento záznam!

MARC

LEADER 00000nam a2200000 4500
001 c115890
005 20190201111938.2
041 0 |a cze 
044 |a CZ 
245 1 0 |a Praktikum z pojištění  |c Jaroslav Vostatek, Jaroslav Daňhel 
264 1 |a Praha  |b Státní pedagogické nakladatelství  |c 1981 
300 |a 169 s. 
100 1 |a Vostatek, Jaroslav 
700 1 |a Daňhel, Jaroslav 
710 2 |a Vysoká škola ekonomická v Praze. Národohospodářská fakulta